000 00550nam a2200181 a 4500
005 20230512063736.0
008 991125s1988 mx 000 0 spa u
020 _a9686173706
035 _aUPN01000050251
049 _aCG
050 4 _aF1331
_bQ83
245 0 0 _aQuerétaro :
_btextos de su historia /
_ccomp. Cecilia Landa Fonseca.
260 _aMéxico :
_bGobierno del Estado de Querétaro :
_bInstituto Mora,
_c1988.
300 _a2 v.
651 7 _aQuerétaro
_xHistoria
_2
_914977
700 1 _aLanda Fonseca, Cecilia,
_ecomp.
905 _aLibro
999 _c50251
_d50251